| Поле | Инд. | ПП | Название | Значение |
|---|---|---|---|---|
| Тип записи | a | |||
| Библиографический уровень | b | |||
| 001 | Контрольный номер | RU/IS/BASE/128698482 | ||
| 005 | Дата корректировки | 20200526074512.9 | ||
| 084 | a | Индекс другой классификации/Индекс ББК | 60.001(4Ита)6 | |
| a | Индекс другой классификации/Индекс ББК | 60.51(4Ита)-81 | ||
| a | Индекс другой классификации/Индекс ББК | 60.507 | ||
| a | Индекс другой классификации/Индекс ББК | 65.02(0)5 | ||
| 100 | 1_ | a | Автор | Добреньков В. И. |
| 100 | 1_ | a | Автор | Рахманов А. Б. |
| 245 | a | Заглавие | Система теоретической социологии Вильфредо Парето | |
| 504 | a | Библиография | Библиогр. ссылки. - Примеч. | |
| 520 | a | Аннотация | В статье выделены разделы: "Введение в систему научных взглядов Парето. Восприятие идей Парето. Жизнь, творчество, эпоха, личность. Логика и методология науки. Социологическая система Парето. Экономическая теория Парето." | |
| 600 | a | Персоналии | Парето Федерико Вильфредо | |
| 650 | a | Основная рубрика | история социологии | |
| a | Основная рубрика | история философии | ||
| a | Основная рубрика | история экономических учений | ||
| a | Основная рубрика | социальная философия | ||
| a | Основная рубрика | социология | ||
| a | Основная рубрика | философия | ||
| a | Основная рубрика | экономика | ||
| 653 | a | Ключевые слова | "Трактат по общей социологии" | |
| a | Ключевые слова | XIX век | ||
| a | Ключевые слова | XX век | ||
| a | Ключевые слова | аналитическая социология | ||
| a | Ключевые слова | закон распределения доходов | ||
| a | Ключевые слова | историческая социология | ||
| a | Ключевые слова | исторический процесс | ||
| a | Ключевые слова | история социальной философии | ||
| a | Ключевые слова | Италия | ||
| a | Ключевые слова | логико-экспериментальные теории | ||
| a | Ключевые слова | методология науки | ||
| a | Ключевые слова | наука | ||
| a | Ключевые слова | научная деятельность | ||
| a | Ключевые слова | научное знание | ||
| a | Ключевые слова | нелогико-экспериментальные теории | ||
| a | Ключевые слова | нелогичные действия | ||
| a | Ключевые слова | новейшее время | ||
| a | Ключевые слова | новое время | ||
| a | Ключевые слова | Парето закон | ||
| a | Ключевые слова | политическая экономия | ||
| a | Ключевые слова | синтетическая социология | ||
| a | Ключевые слова | социальная детерминация | ||
| a | Ключевые слова | социологическая теория | ||
| a | Ключевые слова | теория действия | ||
| a | Ключевые слова | теория дериваций | ||
| a | Ключевые слова | теория осадков | ||
| a | Ключевые слова | теория элит | ||
| a | Ключевые слова | философия истории | ||
| a | Ключевые слова | экономическая теория | ||
| 773 | t | Заглавие источника | Вестник Московского университета. Серия 18, Социология и политология | |
| d | Дата издания источника | 2002 | ||
| g | Прочая информация | № 3. - С. 40 - 75 | ||
| w | Контрольный № источника | RU/IS/BASE/148577983 | ||
| 901 | t | Тип документа | b |